| 000 | 00421cam a22001097a 4500 | ||
|---|---|---|---|
| 008 | 180718b1972 xxu||||| |||| 00| 0 eng d | ||
| 082 | _aA2:Y15 F739b | ||
| 245 |
_aBibliography on land tenure _cby Food and Agriculture Organization of the United Nations |
||
| 260 |
_aRome _bFood and Agriculture Organization of the United Nations _c1972 |
||
| 300 | _a374+p. | ||
| 700 | _aFood and Agriculture Organization of the United Nations | ||
| 999 |
_c487386 _d487386 |
||